00483nam a2200145Ia 4500008004100000100001400041245009900055245004800154260005900202260000900261300000800270650001800278650001500296856002600311170221s9999 xx 000 0 und d aSeok Kang aU.S. Television News about the Smartphone: A Framing Analysis of Issues, Sources, and Aspects  cSeok Kang, Kwan Min Lee, Yomali De La cerda bOnline Journal of Communication and Media Technologies c2012 a1 : xCommunication xMedia Arts uhttp://www.ojcmt.net/